Основы электроснабжения: учебное пособие

Bibliographic Details
Corporate Author: Томский политехнический университет (ТПУ) Институт дистанционного образования (ИДО)
Other Authors: Сивков А. А. Александр Анатольевич (составитель), Сайгаш А. С. Анастасия Сергеевна, Герасимов Д. Ю. Дмитрий Юрьевич
Summary:На обложке сост. указаны как авт.
В учебном пособии рассматриваются вопросы основ электроснабжения промышленных предприятий. Отдельное внимание уделено электроприемникам промышленных предприятий, их характеристикам по надежности электроснабжения и режимам работы. Рассматриваются электрические нагрузки и их графики, коэффициенты, характеризующие графики нагрузки, а также методы расчета электрических нагрузок, внутрицеховое, внутризаводское и внешнее электроснабжение.
Language:Russian
Published: Томск, Изд-во ТПУ, 2014
Subjects:
Format: Book
KOHA link:https://koha.lib.tpu.ru/cgi-bin/koha/opac-detail.pl?biblionumber=307610

MARC

LEADER 00000nam0a2200000 4500
001 307610
005 20240215135819.0
035 |a (RuTPU)RU\TPU\book\332903 
035 |a RU\TPU\book\308978 
090 |a 307610 
100 |a 20151022d2014 m y0rusy50 ca 
101 0 |a rus 
102 |a RU 
105 |a a j 001zy 
200 1 |a Основы электроснабжения  |e учебное пособие  |f Томский политехнический университет (ТПУ), Институт дистанционного образования (ИДО) ; сост. А. А. Сивков ; А. С. Сайгаш ; Д. Ю. Герасимов 
210 |a Томск  |c Изд-во ТПУ  |d 2014 
215 |a 184 с.  |c ил. 
300 |a На обложке сост. указаны как авт. 
320 |a Библиогр.: с. 173-174. 
320 |a Список основных сокращений : с. 6-7. 
330 |a В учебном пособии рассматриваются вопросы основ электроснабжения промышленных предприятий. Отдельное внимание уделено электроприемникам промышленных предприятий, их характеристикам по надежности электроснабжения и режимам работы. Рассматриваются электрические нагрузки и их графики, коэффициенты, характеризующие графики нагрузки, а также методы расчета электрических нагрузок, внутрицеховое, внутризаводское и внешнее электроснабжение. 
606 1 |a Электроснабжение  |2 stltpush  |3 (RuTPU)RU\TPU\subj\20841  |9 45911 
610 1 |a промышленные предприятия 
610 1 |a электрическая энергия 
610 1 |a приемники 
610 1 |a цеховые электрические сети 
610 1 |a внутризаводское электроснабжение 
610 1 |a реактивная мощность 
610 1 |a компенсация 
610 1 |a короткие замыкания 
610 1 |a учебные пособия 
610 1 |a труды учёных ТПУ 
675 |a 621.31.031(075.8)  |v 3 
702 1 |a Сивков  |b А. А.  |c специалист в области электроэнергетики  |c профессор Томского политехнического университета, доктор технических наук  |f 1951-  |g Александр Анатольевич  |3 (RuTPU)RU\TPU\pers\26846  |4 220  |9 12465 
702 1 |a Сайгаш  |b А. С.  |c специалист в области электроэнергетики  |c доцент Томского политехнического университета, кандидат технических наук  |f 1981-  |g Анастасия Сергеевна  |3 (RuTPU)RU\TPU\pers\27720  |4 220  |9 12794 
702 1 |a Герасимов  |b Д. Ю.  |c специалист в области электроэнергетики  |c доцент Томского политехнического университета, кандидат технических наук  |f 1980-  |g Дмитрий Юрьевич  |3 (RuTPU)RU\TPU\pers\26563  |4 220  |9 12252 
712 0 2 |a Томский политехнический университет (ТПУ)  |b Институт дистанционного образования (ИДО)  |3 (RuTPU)RU\TPU\col\12625 
801 1 |a RU  |b 63413507  |c 20130419 
801 2 |a RU  |b 63413507  |c 20151029  |g RCR 
942 |c BK